[Event "XV C.to Mondiale seniores"]
[Site "Lignano Sabbiadoro ITA"]
[Date "2005.10.08"]
[Round "10"]
[White "Joksic, Sinisa"]
[Black "Malmdin, Nils Ake"]
[Result "0-1"]
[WhiteElo "2282"]
[BlackElo "2222"]
[PlyCount "110"]
[EventDate "2005.09.28"]

1. d4 Nf6 2. Nf3 e6 3. g3 b6 4. Bg2 Bb7 5. O-O c5 6. c4 a6 7. d5 exd5 8. Ng5 h6
9. Nh3 Ra7 10. cxd5 d6 11. a4 g6 12. Ra3 Bc8 13. Re3+ Re7 14. Qb3 Rxe3 15.
Qxe3+ Qe7 16. Qb3 Qc7 17. Nf4 Bg7 18. h3 O-O 19. e4 b5 20. axb5 axb5 21. Na3
Ba6 22. Re1 Qa5 23. Qd1 b4 24. Bd2 Nbd7 25. Nc2 Re8 26. h4 Ne5 27. Qa1 Qb6 28.
Qa4 Bb5 29. Qb3 Nc4 30. Bc1 Nd7 31. g4 Qa6 32. Qg3 Nxb2 33. g5 hxg5 34. Qxg5
Nd3 35. Nxd3 Bxd3 36. Ne3 Nf6 37. Ng4 Nxg4 38. Qxg4 Qc8 39. Qg3 c4 40. h5 Be5
41. Bf4 Kg7 42. hxg6 fxg6 43. Bxe5+ Rxe5 44. Ra1 Qf8 45. f4 Re7 46. e5 b3 47.
exd6 b2 48. Rd1 Rb7 49. f5 Qxf5 50. d7 Rxd7 51. Bh3 Qh5 52. Bg4 Qg5 53. Kh2
Rxd5 54. Qf3 Qe5+ 55. Kh3 b1=Q 0-1

[Event "XV C.to Mondiale seniores"]
[Site "Lignano Sabbiadoro ITA"]
[Date "2005.10.08"]
[Round "10"]
[White "Kaminik, Aleksandar"]
[Black "Khazankin, Moisei"]
[Result "1/2-1/2"]
[WhiteElo "2278"]
[BlackElo "2139"]
[PlyCount "76"]
[EventDate "2005.09.28"]

1. d4 Nf6 2. c4 c5 3. d5 e5 4. Nc3 d6 5. e4 Be7 6. g3 O-O 7. Bg2 Ne8 8. Nge2
Nd7 9. O-O a6 10. a4 g6 11. Bh6 Ng7 12. Qd2 Nf6 13. h3 Kh8 14. Be3 Rb8 15. f4
exf4 16. gxf4 Nd7 17. Rab1 f5 18. b4 fxe4 19. bxc5 Nxc5 20. Bxc5 dxc5 21. Nxe4
Bf5 22. Rb3 Bd6 23. N2g3 Qc7 24. Nxd6 Qxd6 25. Qb2 b5 26. axb5 axb5 27. Qe5 Qd7
28. Nxf5 gxf5 29. cxb5 Rxb5 30. Rg3 c4 31. Re1 Rb3 32. Rg5 Rd3 33. Qe7 Qxe7 34.
Rxe7 Rg8 35. Kf2 c3 36. Rc7 Rd2+ 37. Kf3 Rd3+ 38. Ke2 Rd2+ 1/2-1/2

[Event "XV C.to Mondiale seniores"]
[Site "Lignano Sabbiadoro ITA"]
[Date "2005.10.08"]
[Round "10"]
[White "Karl, Hans"]
[Black "Bitzer, Dieter"]
[Result "1-0"]
[WhiteElo "2290"]
[BlackElo "2003"]
[PlyCount "97"]
[EventDate "2005.09.28"]

1. e4 e5 2. Nf3 Nc6 3. Bb5 a6 4. Ba4 d6 5. c3 b5 6. Bc2 Nf6 7. O-O Bg4 8. h3
Bh5 9. a4 b4 10. Re1 Be7 11. d3 O-O 12. Nbd2 Rb8 13. Nf1 Nd7 14. Ng3 Bg6 15. d4
bxc3 16. bxc3 Bf6 17. d5 Ne7 18. Ba3 h5 19. Qd3 a5 20. Rab1 Nb6 21. c4 Qd7 22.
Rb5 h4 23. Nf5 Nxf5 24. exf5 Bh7 25. Qe4 g5 26. Bc1 Qd8 27. Bd2 Kh8 28. Reb1
Ra8 29. Bxa5 Qd7 30. Bd2 Rg8 31. a5 Nc8 32. g4 hxg3 33. fxg3 Be7 34. g4 f6 35.
Ba4 Na7 36. R5b4 Qc8 37. Rb7 Qd8 38. Qe3 Nc8 39. Rb8 Rxb8 40. Rxb8 Qf8 41. Bd7
Qg7 42. Rxc8 Rxc8 43. Bxc8 Qf8 44. Bb7 Qb8 45. a6 Bg8 46. Qb3 Bf7 47. Be3 e4
48. a7 Qe8 49. Nd4 1-0

[Event "XV C.to Mondiale seniores"]
[Site "Lignano Sabbiadoro ITA"]
[Date "2005.10.08"]
[Round "10"]
[White "Korhonen, Erkki"]
[Black "Guaglianone, Mario"]
[Result "1-0"]
[WhiteElo "2031"]
[BlackElo "2155"]
[PlyCount "69"]
[EventDate "2005.09.28"]

1. c4 e5 2. Nc3 Nc6 3. g3 f5 4. Bg2 Nf6 5. d3 d6 6. e3 Be7 7. Nge2 O-O 8. O-O
Be6 9. Nd5 Re8 10. Rb1 Bf8 11. b4 Qd7 12. b5 Nd8 13. Bd2 c6 14. Nxf6+ gxf6 15.
Nc3 d5 16. cxd5 cxd5 17. Qa4 b6 18. Rfc1 Nf7 19. Ne2 Rec8 20. Bb4 a5 21. Bxf8
Rxc1+ 22. Rxc1 Kxf8 23. Rc6 Rb8 24. Qc2 Rb7 25. Nc3 Nd8 26. Na4 Nxc6 27. bxc6
Qc7 28. cxb7 Qxc2 29. b8=Q+ Kf7 30. Qb7+ Kg6 31. Qe7 Qd1+ 32. Bf1 Qxa4 33. Qxe6
Qxa2 34. Qg8+ Kh6 35. Qf7 1-0

[Event "XV C.to Mondiale seniores"]
[Site "Lignano Sabbiadoro ITA"]
[Date "2005.10.08"]
[Round "10"]
[White "Kristiansen, Erling"]
[Black "Schumacher, Helmut"]
[Result "1/2-1/2"]
[WhiteElo "2266"]
[BlackElo "2119"]
[PlyCount "54"]
[EventDate "2005.09.28"]

1. e4 e6 2. d4 d5 3. e5 b6 4. Nf3 Ne7 5. Nc3 Qd7 6. a4 a5 7. Bd3 Ba6 8. O-O
Bxd3 9. Qxd3 Ng6 10. Bd2 Be7 11. Nb5 O-O 12. c3 c6 13. Na3 Na6 14. Nc2 c5 15.
Ng5 f6 16. exf6 Bxf6 17. Qh3 Bxg5 18. Bxg5 Qf7 19. Rae1 Rae8 20. b3 Nc7 21. Be3
Na6 22. Qg4 e5 23. Qd1 cxd4 24. cxd4 e4 25. Qe2 Nc7 26. Rc1 Qd7 27. Na3 Rd8
1/2-1/2

[Event "XV C.to Mondiale seniores"]
[Site "Lignano Sabbiadoro ITA"]
[Date "2005.10.08"]
[Round "10"]
[White "Kummer, Heinz"]
[Black "Fotland, Hans Christian"]
[Result "1/2-1/2"]
[WhiteElo "1998"]
[BlackElo "2131"]
[PlyCount "42"]
[EventDate "2005.09.28"]

1. e4 c5 2. Nf3 Nc6 3. d4 cxd4 4. Nxd4 g6 5. Be3 Bg7 6. Nc3 Nf6 7. Be2 d6 8.
Qd2 Bd7 9. f3 a6 10. g4 O-O 11. h4 h5 12. g5 Ne8 13. f4 Nxd4 14. Bxd4 e5 15.
Be3 exf4 16. Bxf4 Qa5 17. Nd5 Qxd2+ 18. Bxd2 Bc6 19. O-O-O Be5 20. Bc4 Ng7 21.
Be3 Ne6 1/2-1/2

[Event "XV C.to Mondiale seniores"]
[Site "Lignano Sabbiadoro ITA"]
[Date "2005.10.08"]
[Round "10"]
[White "Loktiev, Ivan"]
[Black "Gruzmann, Boris"]
[Result "1-0"]
[WhiteElo "2396"]
[BlackElo "2278"]
[PlyCount "81"]
[EventDate "2005.09.28"]

1. d4 Nf6 2. c4 d6 3. Nf3 g6 4. Nc3 Bg7 5. e4 O-O 6. Be2 Na6 7. O-O e5 8. Be3
Ng4 9. Bg5 f6 10. Bh4 Qe8 11. h3 Nh6 12. dxe5 fxe5 13. a3 Kh8 14. b4 Bd7 15.
Qd2 Ng8 16. Nd5 Rc8 17. Qe3 b6 18. Rfd1 Nb8 19. Rac1 Nc6 20. c5 Nd4 21. Nxd4
exd4 22. Rxd4 Bxd4 23. Qxd4+ Qe5 24. Qxe5+ dxe5 25. Ba6 Rb8 26. Bg3 Rfe8 27.
Nxc7 Re7 28. Nd5 Re6 29. c6 Bc8 30. c7 Ra8 31. Bb5 a6 32. Bc6 Ra7 33. Bh4 b5
34. Bd8 a5 35. Bxb5 Kg7 36. Bc6 axb4 37. axb4 Nh6 38. b5 Nf7 39. Nb6 Nd6 40.
Nxc8 Nxc8 41. Bd7 1-0

[Event "XV C.to Mondiale seniores"]
[Site "Lignano Sabbiadoro ITA"]
[Date "2005.10.08"]
[Round "10"]
[White "MacDonald-Ross, Michael"]
[Black "Zilahi, Gabor"]
[Result "1-0"]
[WhiteElo "2233"]
[BlackElo "2117"]
[PlyCount "99"]
[EventDate "2005.09.28"]

1. d4 g6 2. c4 Bg7 3. Nc3 c6 4. e4 d6 5. Be2 Nd7 6. f4 e5 7. Nf3 exd4 8. Nxd4
Qh4+ 9. g3 Qe7 10. O-O h5 11. Nf3 Nh6 12. Ng5 f6 13. Nf3 Nc5 14. Nh4 Kf7 15. f5
Re8 16. Nxg6 Qc7 17. Bxh5 Kg8 18. Nf4 a6 19. b4 Nxe4 20. Nxe4 Bxf5 21. Qd4 Qe7
22. Nc3 Bh7 23. Bd2 f5 24. Qf2 Ng4 25. Bxg4 fxg4 26. Rae1 Be5 27. Qe2 Rac8 28.
Qxg4+ Kh8 29. Ng6+ Bxg6 30. Qxg6 Rg8 31. Qh5+ Qh7 32. Rxe5 dxe5 33. Qxe5+ Qg7
34. Qh5+ Qh7 35. Qe5+ Qg7 36. Bf4 Rge8 37. Qxg7+ Kxg7 38. Rd1 Re7 39. Kf2 Rce8
40. h4 Kg6 41. g4 Kh7 42. h5 Rg8 43. g5 Rf8 44. Kg3 Rg8 45. g6+ Kg7 46. Kg4 Rh8
47. Bg5 Rc7 48. Bd8 Rc8 49. Rd7+ Kg8 50. Ne4 1-0

[Event "XV C.to Mondiale seniores"]
[Site "Lignano Sabbiadoro ITA"]
[Date "2005.10.08"]
[Round "10"]
[White "Neudel, Bernd"]
[Black "Jacob, Konrad"]
[Result "1-0"]
[WhiteElo "1904"]
[BlackElo "2049"]
[PlyCount "95"]
[EventDate "2005.09.28"]

1. d4 f5 2. Nf3 Nf6 3. g3 c6 4. Bg2 e6 5. c4 d5 6. Nbd2 Be7 7. O-O O-O 8. e3
Ne4 9. Qc2 Bd7 10. Ne5 Be8 11. f3 Ng5 12. f4 Ne4 13. Nxe4 fxe4 14. Bd2 Nd7 15.
Bh3 Nxe5 16. fxe5 Bd7 17. Rxf8+ Bxf8 18. Rf1 Rc8 19. c5 Qg5 20. a4 Be7 21. Qd1
Qh6 22. Bg2 Bg5 23. Qe2 Be8 24. Qf2 Bg6 25. b4 a6 26. Kh1 Be7 27. Kg1 Rf8 28.
Qe2 Rxf1+ 29. Bxf1 Qg5 30. Qf2 h5 31. b5 axb5 32. axb5 Bf5 33. b6 h4 34. Ba6
Bxc5 35. dxc5 bxa6 36. b7 Qd8 37. Ba5 Qb8 38. Qb2 Kh7 39. Bc7 Qxc7 40. b8=Q Qa5
41. Q8b4 Qd8 42. Qf2 h3 43. Qf4 g5 44. Qf2 Qc7 45. Qfb2 Kh6 46. Qb6 Qc8 47. Qb8
Qd7 48. Q2b7 1-0

[Event "XV C.to Mondiale seniores"]
[Site "Lignano Sabbiadoro ITA"]
[Date "2005.10.08"]
[Round "10"]
[White "Norrito, Salvatore"]
[Black "Parla, Aldo"]
[Result "1/2-1/2"]
[WhiteElo "1625"]
[BlackElo "1610"]
[PlyCount "48"]
[EventDate "2005.09.28"]

1. c4 f5 2. Nf3 Nf6 3. g3 e6 4. Bg2 c6 5. O-O Be7 6. d3 O-O 7. Nbd2 d5 8. cxd5
exd5 9. Ne5 Nbd7 10. Ndf3 Nxe5 11. Nxe5 Bd6 12. f4 Bc5+ 13. d4 Bd6 14. a4 c5
15. dxc5 Bxc5+ 16. Kh1 Be6 17. Bd2 Ne4 18. Bxe4 dxe4 19. Bc3 Qe7 20. Qc2 Rac8
21. Rad1 b6 22. Qd2 Qb7 23. e3 Bb3 24. Rde1 Rfe8 1/2-1/2

[Event "XV C.to Mondiale seniores"]
[Site "Lignano Sabbiadoro ITA"]
[Date "2005.10.08"]
[Round "10"]
[White "Ousatchi, Mark"]
[Black "Laco, Giuseppe"]
[Result "1/2-1/2"]
[WhiteElo "2169"]
[BlackElo "2104"]
[PlyCount "100"]
[EventDate "2005.09.28"]

1. d4 g6 2. e4 Bg7 3. Nf3 d6 4. Bc4 c6 5. O-O d5 6. exd5 cxd5 7. Bd3 Nc6 8. c3
Bg4 9. Nbd2 f6 10. h3 Be6 11. Nb3 b6 12. Re1 Qd7 13. Qe2 Bf7 14. Bf4 e6 15. a4
Nge7 16. a5 O-O 17. Ra3 Rae8 18. axb6 axb6 19. Bb5 g5 20. Bh2 Ra8 21. Rea1 Rxa3
22. Rxa3 Re8 23. Ra6 Qb7 24. Bd6 Ra8 25. Ba3 Rxa6 26. Bxa6 Qc7 27. Bd3 h6 28.
Nbd2 f5 29. g3 Bf6 30. Kg2 Ng6 31. Nf1 h5 32. Qd2 Qd8 33. Bb5 Nb8 34. Qe1 Qc7
35. Bd3 g4 36. Ng1 Kg7 37. b4 Nd7 38. Bc1 Ndf8 39. Ne2 Qc8 40. Nf4 Nxf4+ 41.
Bxf4 Ng6 42. Qe3 Nxf4+ 43. Qxf4 Qxc3 44. Bxf5 exf5 45. Ne3 Bg6 46. hxg4 fxg4
47. Qxf6+ Kh7 48. Qe7+ Kh6 49. Qf8+ Kh7 50. Qe7+ Kh6 1/2-1/2

[Event "XV C.to Mondiale seniores"]
[Site "Lignano Sabbiadoro ITA"]
[Date "2005.10.08"]
[Round "10"]
[White "Peierl, Walter"]
[Black "Barlocco, Carlo"]
[Result "0-1"]
[WhiteElo "2096"]
[BlackElo "2235"]
[PlyCount "74"]
[EventDate "2005.09.28"]

1. e4 Nc6 2. Nf3 Nf6 3. Nc3 d6 4. h3 e5 5. d3 Be7 6. Nd5 Nxd5 7. exd5 Nb8 8.
Be3 O-O 9. Be2 c6 10. dxc6 Nxc6 11. O-O d5 12. c3 Be6 13. d4 e4 14. Ne5 Bd6 15.
f4 exf3 16. Nxf3 Re8 17. Qd2 Bxh3 18. Ng5 Qe7 19. Nxh3 Qxe3+ 20. Qxe3 Rxe3 21.
Bf3 Ne7 22. Rae1 Rxe1 23. Rxe1 Rd8 24. Nf2 f5 25. g4 Kf7 26. Nd3 Kf6 27. gxf5
Nxf5 28. Bg2 g5 29. Bh3 h5 30. Rf1 g4 31. Bg2 Kg5 32. Re1 h4 33. Ne5 Bxe5 34.
Rxe5 Kf4 35. Bxd5 h3 36. Re4+ Kf3 37. Re8+ Rxd5 0-1

[Event "XV C.to Mondiale seniores"]
[Site "Lignano Sabbiadoro ITA"]
[Date "2005.10.08"]
[Round "10"]
[White "Profaizer, Gino"]
[Black "Van den Berg, Adrianus M.J."]
[Result "0-1"]
[WhiteElo "2017"]
[BlackElo "2298"]
[PlyCount "74"]
[EventDate "2005.09.28"]

1. d4 Nf6 2. c4 c5 3. d5 e5 4. Nc3 d6 5. e4 Be7 6. g3 O-O 7. Bg2 Ne8 8. Nge2
Bg5 9. O-O Bxc1 10. Qxc1 Qe7 11. f4 exf4 12. Nxf4 Nd7 13. Bh3 Ne5 14. Bxc8 Rxc8
15. b3 Nf6 16. h3 a6 17. a4 Rce8 18. Qe3 Ned7 19. Rae1 Qd8 20. Nd3 Qa5 21. Nc1
Re5 22. Rf4 Rfe8 23. Qd2 h6 24. Nd3 Rg5 25. Kg2 Ne5 26. Nxe5 Rgxe5 27. Re3 b5
28. axb5 axb5 29. Qd3 b4 30. Nb5 Qd8 31. g4 Qe7 32. Kf3 h5 33. gxh5 Nxh5 34.
Rf5 g6 35. Rxe5 Qxe5 36. Kf2 Ra8 37. Rf3 Ra2+ 0-1

[Event "XV C.to Mondiale seniores"]
[Site "Lignano Sabbiadoro ITA"]
[Date "2005.10.08"]
[Round "10"]
[White "Rosino, Antonio"]
[Black "Akopian, Gagik"]
[Result "0-1"]
[WhiteElo "2285"]
[BlackElo "2258"]
[PlyCount "102"]
[EventDate "2005.09.28"]

1. e4 e6 2. d4 c5 3. c3 d5 4. exd5 Qxd5 5. Nf3 cxd4 6. cxd4 Nf6 7. Nc3 Qd8 8.
Bc4 Be7 9. O-O O-O 10. Qe2 a6 11. Bg5 h6 12. Bh4 Nbd7 13. Rad1 b5 14. Bb3 Bb7
15. Ne5 Nxe5 16. dxe5 Nd7 17. Bg3 Qc7 18. f4 g6 19. Ne4 Bxe4 20. Qxe4 Nc5 21.
Qc2 Rac8 22. Rc1 Qb7 23. Bf2 Rfd8 24. Qe2 Nd3 25. Rxc8 Qxc8 26. Be3 Bc5 27. h3
Nxb2 28. Kh2 Bxe3 29. Qxe3 Nc4 30. Qc3 Nd2 31. Rc1 Qxc3 32. Rxc3 Nxb3 33. axb3
Rd4 34. Kg3 a5 35. Rc8+ Kg7 36. Ra8 g5 37. fxg5 hxg5 38. Rxa5 Rb4 39. Ra3 Kg6
40. Kf2 Re4 41. Ra7 Rxe5 42. Rb7 f6 43. g4 f5 44. gxf5+ exf5 45. Rb6+ Kh5 46.
Kf3 f4 47. b4 Re3+ 48. Kg2 Rg3+ 49. Kh2 Rb3 50. Rxb5 Kh4 51. Kg2 Rxh3 0-1

[Event "XV C.to Mondiale seniores"]
[Site "Lignano Sabbiadoro ITA"]
[Date "2005.10.08"]
[Round "10"]
[White "Scarpellini, Felice"]
[Black "Masich, Vladimir"]
[Result "1/2-1/2"]
[WhiteElo "1942"]
[BlackElo "2072"]
[PlyCount "89"]
[EventDate "2005.09.28"]

1. c4 e6 2. Nc3 d5 3. cxd5 exd5 4. d4 c6 5. Nf3 Bf5 6. g3 h6 7. Bg2 Nf6 8. O-O
Bd6 9. Bd2 Qe7 10. Qc1 Nbd7 11. Re1 Ne4 12. Bf4 g5 13. Bxd6 Qxd6 14. Nd2 Nxd2
15. Qxd2 O-O 16. f3 Qg6 17. e4 Be6 18. exd5 cxd5 19. f4 gxf4 20. Qxf4 Nb6 21.
Re2 Kg7 22. Qe5+ Qf6 23. Nxd5 Bxd5 24. Bxd5 Nxd5 25. Qxd5 Rad8 26. Qe5 Rxd4 27.
Qxf6+ Kxf6 28. Rf1+ Kg6 29. Re7 Rb4 30. b3 f6 31. Rd1 Rf7 32. Rxf7 Kxf7 33.
Rd7+ Kg6 34. Kf2 a5 35. Ke3 h5 36. h3 Rb5 37. Kf3 Rb4 38. Ke3 h4 39. g4 a4 40.
bxa4 Rxa4 41. Rxb7 Rxa2 42. Rb3 Rh2 43. Kf4 Rg2 44. Rf3 Kf7 45. Kf5 1/2-1/2

[Event "XV C.to Mondiale seniores"]
[Site "Lignano Sabbiadoro ITA"]
[Date "2005.10.08"]
[Round "10"]
[White "Sevenyuk, Alexey"]
[Black "Pagnutti, Lorenzo"]
[Result "1-0"]
[WhiteElo "1836"]
[BlackElo "2014"]
[PlyCount "71"]
[EventDate "2005.09.28"]

1. Nf3 d6 2. d4 g6 3. e4 Bg7 4. c4 Nf6 5. Nc3 O-O 6. Be2 e5 7. O-O Nbd7 8. Bg5
h6 9. Bh4 g5 10. Bg3 Nh5 11. dxe5 Nxg3 12. hxg3 Nxe5 13. Nd4 Ng6 14. Qd2 Re8
15. Rad1 a6 16. Rfe1 Bd7 17. b3 Rc8 18. Nf5 Bxf5 19. exf5 Ne5 20. g4 Bf8 21.
Ne4 Nc6 22. Ng3 Re5 23. Bf3 Rxe1+ 24. Rxe1 d5 25. Qxd5 Qf6 26. Qd7 Rd8 27. Qxc7
Qc3 28. Rf1 Bd6 29. Qxb7 Nd4 30. Bd5 Rf8 31. Ne4 Ne2+ 32. Kh1 Qd4 33. Qc6 Be5
34. Qg6+ Kh8 35. Qxh6+ Kg8 36. Nxg5 1-0

[Event "XV C.to Mondiale seniores"]
[Site "Lignano Sabbiadoro ITA"]
[Date "2005.10.08"]
[Round "10"]
[White "Smits, Oswald"]
[Black "Miessner, Rolf"]
[Result "1-0"]
[WhiteElo "1962"]
[BlackElo "1773"]
[PlyCount "80"]
[EventDate "2005.09.28"]

1. d4 d5 2. Nf3 Nf6 3. e3 Bg4 4. Nbd2 e6 5. Bd3 Nbd7 6. c3 c5 7. O-O Be7 8. h4
Bh5 9. Qe1 O-O 10. b3 Rc8 11. Bb2 Bg6 12. Be2 h6 13. c4 b6 14. cxd5 exd5 15.
Rc1 Rc7 16. Bb5 Ne4 17. Qe2 Nd6 18. Bd3 Bxd3 19. Qxd3 Nf6 20. dxc5 bxc5 21.
Bxf6 Bxf6 22. Qxd5 Nb7 23. Qc4 Bb2 24. Rb1 Bf6 25. Ne4 Qe7 26. Rfd1 Rd8 27.
Nxf6+ Qxf6 28. Rxd8+ Qxd8 29. Qa6 Qb8 30. Rd1 Nd8 31. Qd6 Ne6 32. Nd2 Qc8 33.
Nc4 Rc6 34. Qd5 Ra6 35. a3 Qb8 36. Rd3 Qc7 37. f4 Qe7 38. Qa8+ Kh7 39. Qe4+ g6
40. f5 Ng7 1-0

[Event "XV C.to Mondiale seniores"]
[Site "Lignano Sabbiadoro ITA"]
[Date "2005.10.08"]
[Round "10"]
[White "Strenzwilk, Denis"]
[Black "Hohler, Peter"]
[Result "1-0"]
[WhiteElo "2104"]
[BlackElo "2228"]
[PlyCount "75"]
[EventDate "2005.09.28"]

1. e4 e5 2. f4 exf4 3. Bc4 f5 4. Nc3 Qh4+ 5. Kf1 fxe4 6. Nxe4 Ne7 7. Qe2 h6 8.
d4 d6 9. Nf3 Qg4 10. h3 Qh5 11. Bxf4 d5 12. Bb5+ Kd8 13. Nf2 Nbc6 14. Re1 Qf7
15. Bh2 Bd7 16. c3 a6 17. Bd3 Bf5 18. g4 Bxd3 19. Nxd3 Ng6 20. Kg2 Be7 21. Rhf1
Qe8 22. Qe6 Rf8 23. Qxd5+ Qd7 24. Qh5 Qe8 25. d5 Nb8 26. Nc5 Rxf3 27. Nxb7+ Kc8
28. Rxf3 Kxb7 29. Rxe7 Qxe7 30. Qxg6 a5 31. d6 Qe2+ 32. Rf2 Qc4 33. dxc7 Na6
34. Qf7 Qxf7 35. Rxf7 Re8 36. Kf2 g5 37. Bg3 Nc5 38. c8=Q+ 1-0

[Event "XV C.to Mondiale seniores"]
[Site "Lignano Sabbiadoro ITA"]
[Date "2005.10.08"]
[Round "10"]
[White "Taksrud, Vidar"]
[Black "Blaushtain, Boris"]
[Result "1-0"]
[WhiteElo "2049"]
[BlackElo "2170"]
[PlyCount "155"]
[EventDate "2005.09.28"]

1. Nf3 d5 2. d4 Nf6 3. g3 g6 4. Bg2 Bg7 5. O-O O-O 6. c4 dxc4 7. Nc3 Nbd7 8. h3
c6 9. a4 a5 10. e4 b6 11. Qe2 e6 12. Rd1 Bb7 13. Qxc4 Rc8 14. Bf4 Qe7 15. e5
Nd5 16. Bg5 Qb4 17. Qxb4 Nxb4 18. Ne4 Nd5 19. Nd6 Rc7 20. Nd2 h6 21. Bxd5 hxg5
22. Bg2 Ba6 23. Rac1 c5 24. N2e4 Bh6 25. g4 Rd8 26. b3 Bf8 27. Nxg5 Bxd6 28.
exd6 Rcc8 29. d5 e5 30. Re1 Kg7 31. Kh2 Re8 32. Kg3 Rcd8 33. Rc3 Nf8 34. Rf3
Rd7 35. Ne4 Nh7 36. g5 Bb7 37. Nf6 Nxf6 38. Rxf6 Kf8 39. h4 Red8 40. Rxe5 Rxd6
41. Ree6 R6d7 42. Rxb6 Bxd5 43. Bxd5 Rxd5 44. Rb7 R8d7 45. Rxd7 Rxd7 46. Rb6
Rd3+ 47. f3 c4 48. bxc4 Ra3 49. Ra6 Rxa4 50. c5 Ke7 51. Ra7+ Ke6 52. Ra6+ Ke7
53. f4 Ra3+ 54. Kg4 Ra1 55. Kf3 a4 56. Ke4 a3 57. Kd5 a2 58. Ra7+ Ke8 59. Kc6
Kd8 60. Rd7+ Ke8 61. Rd2 Ke7 62. Rh2 f6 63. Re2+ Kf7 64. Rd2 fxg5 65. fxg5 Ke7
66. Rc2 Ke6 67. Kc7 Kd5 68. c6 Ke6 69. Kc8 Kf5 70. c7 Kg4 71. Rc4+ Kh5 72. Ra4
Rc1 73. Rxa2 Rc4 74. Ra5 Ra4 75. Rd5 Rc4 76. Kd8 Rd4 77. Rd7 Re4 78. Rh7+ 1-0

[Event "XV C.to Mondiale seniores"]
[Site "Lignano Sabbiadoro ITA"]
[Date "2005.10.08"]
[Round "10"]
[White "Tavcar, Rado"]
[Black "Zhelesny, Stanislav"]
[Result "1-0"]
[WhiteElo "2110"]
[BlackElo "2277"]
[PlyCount "49"]
[EventDate "2005.09.28"]

1. d4 d5 2. c4 c6 3. cxd5 cxd5 4. Nc3 Nf6 5. Bf4 Nc6 6. e3 e6 7. Bd3 Bd7 8. Rc1
a6 9. Nf3 Be7 10. Ne5 O-O 11. O-O Rc8 12. Nxc6 Bxc6 13. h3 g6 14. Qb3 Ne4 15.
Nxe4 dxe4 16. Bc4 b5 17. Bxe6 Bd7 18. Bd5 g5 19. Be5 Bf5 20. Bb7 Rxc1 21. Rxc1
Qb6 22. Bd5 Bd8 23. Qc2 Qa5 24. Bd6 Re8 25. Qc6 1-0

[Event "XV C.to Mondiale seniores"]
[Site "Lignano Sabbiadoro ITA"]
[Date "2005.10.08"]
[Round "10"]
[White "Thonig, Manfred"]
[Black "Loda', Domenico"]
[Result "1-0"]
[WhiteElo "1836"]
[BlackElo "1659"]
[PlyCount "55"]
[EventDate "2005.09.28"]

1. f4 d5 2. Nf3 Nf6 3. e3 e6 4. b3 c5 5. Ne5 a6 6. Be2 Be7 7. O-O O-O 8. Bb2 d4
9. Bd3 b5 10. Qf3 Ra7 11. c3 Bb7 12. e4 Nc6 13. a3 Qc7 14. Nxc6 Bxc6 15. cxd4
Qb7 16. Re1 Rd8 17. dxc5 Bxc5+ 18. Kh1 Rxd3 19. Qxd3 Bxe4 20. Qd8+ Bf8 21. Rg1
Qc6 22. Bxf6 Rd7 23. Qa5 Kh8 24. Nc3 Rxd2 25. Nxe4 Qxe4 26. Rae1 Qc2 27. Rc1 h6
28. Rxc2 1-0

[Event "XV C.to Mondiale seniores"]
[Site "Lignano Sabbiadoro ITA"]
[Date "2005.10.08"]
[Round "10"]
[White "Titz, Heimo"]
[Black "Jakobsen, Ole"]
[Result "0-1"]
[WhiteElo "2184"]
[BlackElo "2385"]
[PlyCount "110"]
[EventDate "2005.09.28"]

1. c4 e5 2. Nc3 Nf6 3. Nf3 Nc6 4. e3 Bb4 5. Qc2 Bxc3 6. Qxc3 Qe7 7. a3 d5 8.
cxd5 Nxd5 9. Qb3 Nb6 10. d3 O-O 11. Qc2 a5 12. b3 Bg4 13. Be2 f5 14. h3 Bh5 15.
Bb2 e4 16. dxe4 fxe4 17. Nd4 Nxd4 18. Bxd4 Bxe2 19. Qxe2 c5 20. Bb2 a4 21. Qc2
Qf7 22. bxa4 Qc4 23. Qe2 Qxe2+ 24. Kxe2 Nc4 25. Rhb1 Rxa4 26. Bc1 b6 27. Rb3
Rf6 28. Ra2 Rg6 29. Kf1 h5 30. Bd2 Rd6 31. Ke2 Kf7 32. f3 Ke6 33. Be1 Kd5 34.
Ra1 Re6 35. f4 Kc6 36. Bc3 Rg6 37. Kf2 h4 38. Bb2 b5 39. Be5 Nxe5 40. fxe5 b4
41. Rab1 Kb5 42. R1b2 Re6 43. Ke1 Rxe5 44. axb4 Rxb4 45. Rxb4+ cxb4 46. Rd2 Kc4
47. Rd4+ Kc3 48. Rd7 g5 49. Rc7+ Kd3 50. Rb7 Kc4 51. Kd2 Ra5 52. Rc7+ Kb3 53.
Re7 Ra2+ 54. Kd1 Rxg2 55. Rxe4 Kc3 0-1

[Event "XV C.to Mondiale seniores"]
[Site "Lignano Sabbiadoro ITA"]
[Date "2005.10.08"]
[Round "10"]
[White "Titz, Herbert"]
[Black "Ofstad, Per"]
[Result "1/2-1/2"]
[WhiteElo "2079"]
[BlackElo "2164"]
[PlyCount "34"]
[EventDate "2005.09.28"]

1. e4 e6 2. d4 d5 3. Nd2 dxe4 4. Nxe4 Nd7 5. Nf3 Ngf6 6. Nxf6+ Nxf6 7. Bd3 b6
8. Bb5+ Bd7 9. Qe2 Bxb5 10. Qxb5+ Qd7 11. Qxd7+ Nxd7 12. O-O Bd6 13. b3 f6 14.
c4 Kf7 15. Bb2 Rhe8 16. Rfe1 Rad8 17. Rad1 c6 1/2-1/2

[Event "XV C.to Mondiale seniores"]
[Site "Lignano Sabbiadoro ITA"]
[Date "2005.10.08"]
[Round "10"]
[White "Trifunovic, Dusan"]
[Black "Weinberg, Emanuele"]
[Result "1/2-1/2"]
[WhiteElo "2019"]
[BlackElo "1927"]
[PlyCount "136"]
[EventDate "2005.09.28"]

1. e4 Nf6 2. Nc3 d5 3. exd5 Nxd5 4. Nxd5 Qxd5 5. d4 Bf5 6. Nf3 e6 7. Be3 Be7 8.
c3 O-O 9. Qb3 Qxb3 10. axb3 Nd7 11. b4 Nb6 12. Be2 Nd5 13. Bd2 Bd6 14. g3 Bh3
15. Ng5 Bf5 16. f4 f6 17. Nf3 a6 18. O-O c6 19. Ra5 Bc7 20. Ra3 Rae8 21. c4 Nb6
22. b5 cxb5 23. cxb5 Bd6 24. Ra5 axb5 25. Rxb5 Nd5 26. Rxb7 Rb8 27. Rd7 Bb4 28.
Bc1 Rf7 29. Rxf7 Kxf7 30. Kf2 Ba5 31. Bc4 Rc8 32. b3 Nb6 33. Bd2 Bxd2 34. Nxd2
Nd5 35. Ra1 Rc7 36. Kf3 h5 37. Ne4 Bg4+ 38. Kf2 Ke7 39. Nc5 Nb4 40. Be2 Bxe2
41. Kxe2 Nc2 42. Rc1 Nxd4+ 43. Ke3 Nb5 44. b4 Ra7 45. Rd1 Nc3 46. Rd4 Nd5+ 47.
Kd3 Ra2 48. Re4 Nc7 49. Nxe6 Nxe6 50. f5 Rxh2 51. Rxe6+ Kd7 52. Ke3 Rh3 53. Ra6
Rxg3+ 54. Kf2 h4 55. Ra1 Rb3 56. Ra7+ Kd6 57. Rxg7 Rxb4 58. Rh7 Ke5 59. Kf3
Kxf5 60. Rh5+ Kg6 61. Rh8 h3 62. Kg3 Rb3+ 63. Kf4 Rb4+ 64. Kg3 Rb1 65. Kf4 Rh1
66. Kg3 h2 67. Kg2 Rg1+ 68. Kxh2 Rg5 1/2-1/2

[Event "XV C.to Mondiale seniores"]
[Site "Lignano Sabbiadoro ITA"]
[Date "2005.10.08"]
[Round "10"]
[White "Villing, Dieter"]
[Black "Asmundsson, Ingvar"]
[Result "1-0"]
[WhiteElo "2259"]
[BlackElo "2299"]
[PlyCount "59"]
[EventDate "2005.09.28"]

1. e4 Nf6 2. e5 Nd5 3. d4 d6 4. Nf3 Bg4 5. h3 Bh5 6. g4 Bg6 7. e6 fxe6 8. Bd3
Bxd3 9. Qxd3 Qd7 10. c4 Nf6 11. Nc3 Nc6 12. Be3 g6 13. O-O-O Bg7 14. Ng5 Nb4
15. Qb1 Bh6 16. Rhe1 Bxg5 17. Bxg5 O-O-O 18. a3 Na6 19. Ne4 h6 20. Nxf6 Qa4 21.
Ne4 hxg5 22. Qd3 e5 23. Nxg5 Rdf8 24. f3 exd4 25. Rxe7 Nc5 26. Qc2 Qa5 27. Ne4
Rxf3 28. Nxc5 Qxc5 29. Qxg6 Rfxh3 30. Qe6+ 1-0

[Event "XV C.to Mondiale seniores"]
[Site "Lignano Sabbiadoro ITA"]
[Date "2005.10.08"]
[Round "10"]
[White "Wagman, Stuart"]
[Black "Luecke, Volkmar"]
[Result "1/2-1/2"]
[WhiteElo "2142"]
[BlackElo "2017"]
[PlyCount "44"]
[EventDate "2005.09.28"]

1. e4 e6 2. d3 d5 3. Nd2 c5 4. Ngf3 Nc6 5. g3 g6 6. Bg2 Bg7 7. O-O Nge7 8. Re1
O-O 9. c3 Rb8 10. e5 d4 11. c4 Qc7 12. Nf1 b6 13. Bf4 Bb7 14. h4 a6 15. N3h2
Kh8 16. Ng4 h5 17. Nf6 Ng8 18. Qe2 Nce7 19. Bg5 Bxg2 20. Kxg2 Qc6+ 21. Kh3 Rb7
22. Nxg8 Kxg8 1/2-1/2